My chceme Kirschner!

Bibliographic Details
Main Author: Masár, Ivan, 1930-2008 (Author)
Format: Article
Language:Slovak
ISSN:0023-5202
Subjects:

MARC

LEADER 00000nab a2200000 a 4500
001 vtls000795302
003 SK-MaSNL
005 20260304105208.0
008 250429c2001 xo 0 slo
015 |a SNBRB2002/05-16032 
035 |a CLN000146957 
035 |a urn:nbn:sk:snk-ab1lj4 
035 |a (urnnbn)urn:nbn:sk:snk:ar-004eqe 
035 |a (uuid)69d68fe3-6db9-4bdb-b571-ca92bb0b46a3 
040 |a SNKBUCL  |b slo  |c SNKBUCL  |e AACR2 
041 0 |a slo 
044 |a xo  |c SK 
080 |a 801.313.2:808.54  |2 1981 
080 |a 808.54-313  |2 1981 
100 1 |a Masár, Ivan,  |d 1930-2008  |4 aut  |9 13367 
245 1 0 |a My chceme Kirschner!  |c Ivan Masár 
650 0 7 |a slovenčina  |2 SNKPH  |9 1350 
650 0 7 |a ženské priezviská  |2 snkbucl  |9 1037349 
650 0 7 |a prechyľovanie (lingvistika)  |2 snkbucl  |9 19032 
650 0 7 |a cudzie ženské priezviská  |2 snkbucl  |9 1406228 
773 0 |t Kultúra slova  |g Roč. 35, č. 2 (2001), s. 97-99  |x 0023-5202 
850 |a Slovenská národná knižnica 
852 |a Slovenská národná knižnica 
954 |a odborná, vedecká literatúra pôvodná (slovenská)  |2 lita 
958 |a article27 
958 |a OND 
958 |a EUIPO 
999 |c 2854673  |d 2856603